Home Print Resources E-Books E-Journals IIMT Lecture Series Library Membership Form Book Recommendation Form Campus Tour Take AdmissionAbout Us Contact Us

Tourism & Economics Development (Record no. 6761)

000 -LEADER
fixed length control field 00352nam a2200157Ia 4500
003 - CONTROL NUMBER IDENTIFIER
control field OSt
005 - DATE AND TIME OF LATEST TRANSACTION
control field 20231211065050.0
008 - FIXED-LENGTH DATA ELEMENTS--GENERAL INFORMATION
fixed length control field 170524s9999 xx 000 0 und d
020 ## - INTERNATIONAL STANDARD BOOK NUMBER
International Standard Book Number 81-7024-714-4
040 ## - CATALOGING SOURCE
Transcribing agency iimt
100 ## - MAIN ENTRY--PERSONAL NAME
Personal name Nirmal Kumar
245 #0 - TITLE STATEMENT
Title Tourism & Economics Development
260 ## - PUBLICATION, DISTRIBUTION, ETC.
Name of publisher, distributor, etc. A.P.H. Pub.
260 ## - PUBLICATION, DISTRIBUTION, ETC.
Date of publication, distribution, etc. 2004
942 ## - ADDED ENTRY ELEMENTS (KOHA)
Source of classification or shelving scheme
Koha item type Book Bank
Holdings
Withdrawn status Lost status Source of classification or shelving scheme Damaged status Not for loan Home library Current library Date acquired Coded location qualifier Barcode Date last seen Uniform Resource Identifier Price effective from Koha item type Public note
          IIMT University Central Library Meerut IIMT University Central Library Meerut 06/01/2017 Department 01-B-75638 06/01/2017 ECONOMICS 06/01/2017 Book Bank / Loan Books Central Library to Hotel Management Departmental Library
          IIMT University Central Library Meerut IIMT University Central Library Meerut 06/01/2017   01-B-75639 06/01/2017 ECONOMICS 06/01/2017 Book Bank  
          IIMT University Central Library Meerut IIMT University Central Library Meerut 06/01/2017   01-B-75640 06/01/2017 ECONOMICS 06/01/2017 Book Bank  
IIMT, Central Library. All Rights Reserved IIMT,UNIVERSITY © 2023
Implemented and Customised by I CLOUDE EMS
You Are OPAC Visitor No
free web counter

Powered by Koha